000
00226 a2200097 4500
001
13923
100
_a
Boone J A
245
_a
TheComplete Short Stories of W S Mangham
260
_a
London
_b
Heinemann
_c
090
_c
10891
_d
10891
942
_a
NUST-CAE
_c
M
_c
993
999
_c
248996
_d
248996